Biggest U.S. Cities on the East Coast - Statistics

General Stats
  • This quiz has been taken 124 times
  • The average score is 7 of 10
Answer Stats
Population City % Correct
8,258,035 New York City
100%
653,833 Boston
99%
455,924 Miami
95%
565,239 Baltimore
83%
985,843 Jacksonville
74%
453,649 Virginia Beach
66%
190,823 Providence
60%
230,930 Norfolk
46%
291,657 Jersey City
43%
245,021 Port St. Lucie
14%
No matching quizzes found
Score Distribution
Percent of People with Each Score
Percentile by Number Answered
Your Score History
You have not taken this quiz